| 000 | 00338 a2200145 4500 | ||
|---|---|---|---|
| 082 | _a510 YOU | ||
| 090 |
_c22653 _d22653 |
||
| 100 | _aYusuf, S.M. | ||
| 245 | _aMathematical methods, 3/e | ||
| 250 | _a3 | ||
| 260 |
_aLahore _bIlmi Books _c2002 |
||
| 300 | _ax, 598 p. | ||
| 500 | _aBE textbook H & S dept | ||
| 942 |
_aNUST-CAE _k510 YOU |
||
| 999 |
_c400573 _d400573 |
||